Statystyki dla Najbardziej wylesione państwa

Kliknij tutaj aby rozwiązać quiz!

Ogólne statystyki

  • Ten quiz został rozwiązany 4 924 razy
  • Średni wynik to 10 z 20

Statystyki odpowiedzi

km kwPaństwo% Poprawnych
923,000Brazylia
92%
66,300Argentyna
81%
58,200Kolumbia
73%
41,200Peru
71%
58,000Wenezuela
69%
49,000Meksyk
68%
69,700Boliwia
64%
245,000Demokratyczna
Republika Konga
63%
94,400Paragwaj
58%
264,000Indonezja
55%
49,000Nigeria
49%
116,000Tanzania
40%
127,000Angola
37%
26,000Zambia
34%
66,300Mozambik
33%
35,500Botswana
27%
107,000Mjanma
24%
29,400Kambodża
22%
50,100Wybrzeże
Kości Słoniowej
21%
29,900Nikaragua
16%

Rozkład punktacji

Percentyl według liczby udzielonych odpowiedzi

Procent ludzi z każdym wynikiem

Twoja historia wyników

Nie rozwiązałeś tego quizu